000
00269nam a2200109Ia 4500
008
190216s9999||||xx |||||||||||||| ||und||
100
_a
Day M C&Amp;Selbin J
245
0
_a
Theoretical Chemistry
260
_b
Affiliated East West Press
_c
2000
300
_a
590
942
_c
BK
999
_c
2888
_d
2888